Statistics for Biggest Cities in Cyprus

Click here to take the quiz!

General Stats

  • This quiz has been taken 42 times
    (16 since last reset)
  • The average score is 5 of 10

Answer Stats

PopulationCity% Correct
101,000Limassol
94%
55,014Nicosia
94%
51,468Larnaca
94%
32,892Paphos
81%
67,904Strovolos
44%
19,228Aradippou
25%
38,345Lakatameia
19%
22,369Kato Polemidia
19%
20,783Aglantzia
19%
18,010Engomi
19%

Score Distribution

Percentile by Number Answered

Percent of People with Each Score

Your Score History

You have not taken this quiz since the last reset